00483nam a2200157Ia 4500008004100000041000800041082001200049100002200061245001900083250001400102260003900116300003200155365000700187999001700194952011400211240624s9999 xx 000 0 und d aeng a339 BLA aBLANCHARD OLIVIER aMACROECONOMICS a(4th ed.) c2011aNew DelhibPearson Education axxiv, : 587 : p. : cm. ; 25 cRS c19218d19218 00104070aIMTNbIMTNcRack 14-Ad2012-07-21g510.00o339 BLAp19218r2024-06-24 00:00:00t1w2024-06-24yBK